000 00923nam0a22002651 4500
001 rc\4187722
005 20250611124136.0
021 _aRU
_b[53-30099]
035 _a(NLR Aleph) 008194434
090 _a7996654
_c7996654
100 _a20130415d1953 |||y0rusy50 ca
101 0 _arus
102 _aRU
105 _aa z |||||
200 1 _aМосты и их архитектура
210 _aМосква
_cГос. изд-во лит. по стр-ву и архитектуре
_d1953
215 _a360 с.
_cил.
_d27
300 _aПеред загл. авт.: П.В. Щусев, чл.-кор. Акад. архитектуры СССР д-р техн. наук
606 _aМосты
_xАрхитектура
_2psbo
700 1 _aЩусев
_bП.В.
_f1880-
_gПавел Викторович
801 0 _aRU
_bNLR
_gpsbo
801 1 _aRU
_bELAR
_2rusmarc
852 _aNLR
_jИс20 Г-7/70
942 _cBOOK
980 _aNB